00349nam a2200145Ia 4500008004100000020001500041041001200056082001600068100001800084245003400102250000900136260003500145300000800180650001500188221030s9999 xx 000 0 und d a8178085801 aEnglish a105.23bHor aJ. C. V Horne 0aFinancial Management & Policy a12th bPearson EducationaDelhic2005 a832 aManagement